[Event "San Francisco TNM Summer op"]
[Site "San Francisco"]
[Date "2017.05.23"]
[Round "1"]
[White "McCarty Snead, Callaghan"]
[Black "Cowgill, Jackie P"]
[Result "1-0"]
[WhiteElo "1718"]
[BlackElo "1198"]
[PlyCount "41"]
[EventDate "2017.05.23"]
[EventType "swiss"]
[EventRounds "8"]
[EventCountry "USA"]
[SourceTitle "EXT 2023"]
[Source "ChessBase"]
[SourceDate "2022.10.05"]
[SourceVersion "1"]
[SourceVersionDate "2022.10.05"]
[SourceQuality "1"]

1. e4 e5 2. Nf3 Nc6 3. Bb5 a6 4. Ba4 Nf6 5. d3 b5 6. Bb3 Be7 7. 0-0 0-0 8. Bg5 Na5 9. Nxe5 Nxb3 10. axb3 Bb7 11. Nf3 d6 12. Nc3 Re8 13. Re1 Qd7 14. Ne2 c5 15. c3 Nxe4 16. Bxe7 Qxe7 17. dxe4 Bxe4 18. Ng3 Qb7 19. Rxe4 Rxe4 20. Nxe4 Qxe4 21. Qxd6 1-0

[Event "San Francisco TNM Winter op"]
[Site "San Francisco"]
[Date "2017.01.24"]
[Round "4"]
[White "McCarty Snead, Callaghan"]
[Black "Enkh, Tergelsar"]
[Result "1-0"]
[WhiteElo "1677"]
[BlackElo "1432"]
[PlyCount "57"]
[EventDate "2017.01.03"]
[EventType "swiss"]
[EventRounds "8"]
[EventCountry "USA"]
[SourceTitle "EXT 2018"]
[Source "ChessBase"]
[SourceDate "2017.10.13"]
[SourceVersion "1"]
[SourceVersionDate "2017.10.13"]
[SourceQuality "1"]

1. e4 e5 2. Nf3 Nc6 3. Bc4 Nf6 4. d3 h6 5. 0-0 Bc5 6. c3 0-0 7. d4 exd4 8. cxd4 Bb6 9. e5 Ne8 10. d5 Na5 11. Bd3 d6 12. b4 Bg4 13. Bb2 Nc4 14. Bxc4 dxe5 15. Nbd2 Nd6 16. Bxe5 Re8 17. Bxd6 Qxd6 18. h3 Bh5 19. Bb3 Rad8 20. Nc4 Qf6 21. Nxb6 axb6 22. Qd4 Bxf3 23. Qxf6 gxf6 24. gxf3 Re2 25. Rfe1 Re5 26. Rxe5 fxe5 27. Re1 f6 28. d6+ Kg7 29. dxc7 1-0

[Event "San Francisco TNM Spring op"]
[Site "San Francisco"]
[Date "2016.04.19"]
[Round "6"]
[White "McCarty Snead, Callaghan"]
[Black "Menghrajani, Alok"]
[Result "1-0"]
[WhiteElo "1732"]
[BlackElo "1609"]
[PlyCount "111"]
[EventDate "2016.03.15"]
[EventType "swiss"]
[EventRounds "8"]
[EventCountry "USA"]
[SourceTitle "EXT 2018"]
[Source "ChessBase"]
[SourceDate "2017.10.13"]
[SourceVersion "1"]
[SourceVersionDate "2017.10.13"]
[SourceQuality "1"]

1. e4 e5 2. Nf3 Nc6 3. Bc4 Nf6 4. d3 Bc5 5. 0-0 h6 6. c3 0-0 7. d4 Bb6 8. d5 Na5 9. Bd3 Ng4 10. b4 d6 11. bxa5 Bxa5 12. h3 Nf6 13. Bd2 Bd7 14. c4 Bb6 15. Nc3 c6 16. Na4 Bc7 17. Nc3 cxd5 18. Nxd5 Nxd5 19. cxd5 b5 20. Rb1 a6 21. Qe2 Qe7 22. Rfc1 Bb6 23. a4 Bc5 24. axb5 a5 25. Be3 Bb4 26. Rc7 Rfc8 27. Rxc8+ Bxc8 28. Bd2 Bc5 29. Ra1 a4 30. Ne1 Qb7 31. Nc2 Bd7 32. Bb4 Bxb4 33. Nxb4 Ra5 34. Nc6 Ra8 35. Qc2 a3 36. Qc3 a2 37. Qc2 Bxc6 38. bxc6 Qa7 39. c7 Rc8 40. Rxa2 Qxc7 41. Qxc7 Rxc7 42. Ra6 Rd7 43. Rc6 Kf8 44. Bb5 Ke7 45. Rc8 Rb7 46. Re8+ Kf6 47. Bc6 Rb4 48. f3 Rb2 49. Rd8 Ke7 50. Rd7+ Kf6 51. Rxd6+ Kg5 52. Rd7 Kh4 53. Rxf7 g5 54. Kh2 h5 55. Rh7 Rd2 56. Be8 1-0

[Event "San Francisco TNM Spring op"]
[Site "San Francisco"]
[Date "2015.04.28"]
[Round "7"]
[White "Walder, Michael S"]
[Black "McCarty Snead, Callaghan"]
[Result "1-0"]
[WhiteElo "2143"]
[BlackElo "1801"]
[PlyCount "121"]
[EventDate "2015.03.17"]
[EventType "swiss"]
[EventRounds "8"]
[EventCountry "USA"]
[SourceTitle "EXT 2016"]
[Source "ChessBase"]
[SourceDate "2015.10.08"]
[SourceVersion "1"]
[SourceVersionDate "2015.10.08"]
[SourceQuality "1"]

1. e4 e5 2. Nf3 Nc6 3. Bb5 Nf6 4. 0-0 d6 5. d4 exd4 6. Nxd4 Bd7 7. Nc3 Nxd4 8. Qxd4 Bxb5 9. Nxb5 a6 10. Nc3 Be7 11. Bg5 0-0 12. Rad1 h6 13. Bh4 Ng4 14. Bxe7 Qxe7 15. Nd5 Qe5 16. f4 Qxd4+ 17. Rxd4 Nf6 18. Nxf6+ gxf6 19. Kf2 Rfe8 20. g4 Kh7 21. Kf3 a5 22. Rfd1 Ra6 23. Rc4 Rc6 24. Rxc6 bxc6 25. Rd4 Rb8 26. b3 Rb5 27. Rc4 c5 28. Ra4 Kg6 29. c4 Rb8 30. Rxa5 h5 31. gxh5+ Kxh5 32. Rb5 Rb6 33. Rxb6 cxb6 34. Kg3 Kg6 35. f5+ Kg5 36. h4+ Kh5 37. Kh3 Kh6 38. Kg4 Kg7 39. a3 Kh7 40. Kf4 Kh6 41. b4 cxb4 42. axb4 Kh5 43. Kg3 Kh6 44. Kg4 Kh7 45. Kf4 Kh6 46. Ke3 Kh5 47. Kd4 Kxh4 48. Kd5 Kg4 49. Kxd6 Kf3 50. Kd5 Ke3 51. c5 bxc5 52. bxc5 Kd3 53. c6 Kc3 54. c7 Kd3 55. c8Q Ke3 56. Qc3+ Kf4 57. Qxf6 Kf3 58. e5 Kf4 59. e6 fxe6+ 60. fxe6+ Ke3 61. e7 1-0

[Event "San Francisco TNM Fall op"]
[Site "San Francisco"]
[Date "2013.11.12"]
[Round "4"]
[White "McCarty Snead, Callaghan"]
[Black "Schlosberg, Max"]
[Result "1-0"]
[WhiteElo "1592"]
[BlackElo "1287"]
[PlyCount "47"]
[EventDate "2013.10.22"]
[EventType "swiss"]
[EventRounds "9"]
[EventCountry "USA"]
[SourceTitle "EXT 2016"]
[Source "ChessBase"]
[SourceDate "2015.10.08"]
[SourceVersion "1"]
[SourceVersionDate "2015.10.08"]
[SourceQuality "1"]

1. e4 e5 2. Nf3 Nc6 3. Bc4 Bc5 4. Nc3 Nf6 5. d3 d6 6. h3 h6 7. 0-0 Be6 8. Bb3 Qd7 9. Be3 Bb6 10. Na4 0-0 11. Nxb6 axb6 12. Nd2 Ne7 13. f4 exf4 14. Bxf4 Ng6 15. Bxh6 Nxe4 16. Nxe4 gxh6 17. Nf6+ Kg7 18. Nxd7 Bxd7 19. Qf3 Ne5 20. Qf6+ Kh7 21. Bd5 Ra5 22. Be4+ Kg8 23. Qxh6 Ba4 24. Qh7# 1-0

[Event "San Francisco TNM Winter op"]
[Site "San Francisco"]
[Date "2013.02.12"]
[Round "6"]
[White "Ryaboy, Vadim"]
[Black "McCarty Snead, Callaghan"]
[Result "1-0"]
[WhiteElo "1782"]
[BlackElo "1411"]
[PlyCount "73"]
[EventDate "2013.01.08"]
[EventType "swiss"]
[EventRounds "8"]
[EventCountry "USA"]
[SourceTitle "EXT 2016"]
[Source "ChessBase"]
[SourceDate "2015.10.08"]
[SourceVersion "1"]
[SourceVersionDate "2015.10.08"]
[SourceQuality "1"]

1. e4 e6 2. d4 d5 3. Nd2 Nf6 4. e5 Nfd7 5. Bd3 c5 6. c3 Nc6 7. Ne2 Qb6 8. Nf3 cxd4 9. cxd4 Bb4+ 10. Bd2 Bxd2+ 11. Qxd2 0-0 12. 0-0 Qb4 13. Nc3 Nxd4 14. Nxd4 Qxd4 15. Bxh7+ Kxh7 16. Qxd4 b6 17. Rfe1 Nc5 18. Re3 Ba6 19. Qh4+ Kg8 20. Rh3 f6 21. Qh7+ Kf7 22. exf6 Kxf6 23. Rf3+ Ke7 24. Qxg7+ Kd6 25. Rxf8 Rxf8 26. Qxf8+ Kc6 27. b4 Nd7 28. Qe7 Bc4 29. Qxe6+ Kc7 30. Nxd5+ Bxd5 31. Qxd5 Kc8 32. Rc1+ Kd8 33. Rd1 Ke7 34. Qxd7+ Kf6 35. Qc6+ Ke5 36. Rd5+ Ke4 37. Qc4# 1-0

[Event "San Francisco TNM Winter op"]
[Site "San Francisco"]
[Date "2013.01.29"]
[Round "4"]
[White "McCarty Snead, Callaghan"]
[Black "Cendejas, Juan"]
[Result "1/2-1/2"]
[WhiteElo "1411"]
[BlackElo "1849"]
[PlyCount "85"]
[EventDate "2013.01.08"]
[EventType "swiss"]
[EventRounds "8"]
[EventCountry "USA"]
[SourceTitle "EXT 2016"]
[Source "ChessBase"]
[SourceDate "2015.10.08"]
[SourceVersion "1"]
[SourceVersionDate "2015.10.08"]
[SourceQuality "1"]

1. e4 e5 2. Nf3 Bc5 3. Nxe5 Qh4 4. Qf3 Nf6 5. Nc3 d6 6. Nd3 Bb6 7. Qg3 Qxg3 8. hxg3 Nc6 9. Be2 Bd7 10. Nf4 Nd4 11. Bd1 0-0-0 12. d3 h6 13. Be3 Ng4 14. Bxd4 Bxd4 15. Bxg4 Bxg4 16. f3 Bxc3+ 17. bxc3 Bd7 18. 0-0-0 g5 19. Nd5 Be6 20. c4 c6 21. Nc3 f5 22. exf5 Bxf5 23. g4 Bg6 24. Rde1 Kd7 25. Kd2 Rde8 26. Rxe8 Kxe8 27. Re1+ Kd7 28. Ne4 Rf8 29. Rh1 Bxe4 30. dxe4 Rf6 31. Rf1 Ke6 32. Ke3 d5 33. cxd5+ cxd5 34. exd5+ Kxd5 35. Rd1+ Kc5 36. Rd4 b5 37. c3 a5 38. a3 Re6+ 39. Re4 Rd6 40. Rd4 Re6+ 41. Re4 Rd6 42. Rd4 Re6+ 43. Re4 1/2-1/2

[Event "San Francisco TNM Winter op"]
[Site "San Francisco"]
[Date "2013.01.08"]
[Round "1"]
[White "Otterbach, Renate"]
[Black "McCarty Snead, Callaghan"]
[Result "0-1"]
[WhiteElo "807"]
[BlackElo "1411"]
[PlyCount "40"]
[EventDate "2013.01.08"]
[EventType "swiss"]
[EventRounds "8"]
[EventCountry "USA"]
[SourceTitle "EXT 2016"]
[Source "ChessBase"]
[SourceDate "2015.10.08"]
[SourceVersion "1"]
[SourceVersionDate "2015.10.08"]
[SourceQuality "1"]

1. d4 d5 2. e3 Nf6 3. Nf3 c6 4. b3 Bg4 5. Bb2 Nbd7 6. Nbd2 e6 7. h3 Bh5 8. c4 Bb4 9. Qc2 Bg6 10. Bd3 Qc7 11. c5 Ne4 12. a3 Bxd2+ 13. Nxd2 Nxd2 14. Qxd2 Bxd3 15. Qxd3 Nf6 16. f4 Ne4 17. Qe2 Ng3 18. Qg4 Nxh1 19. Qxg7 0-0-0 20. Qxf7 Qxf7 0-1

[Event "San Francisco TNM Fall op"]
[Site "San Francisco"]
[Date "2012.12.11"]
[Round "9"]
[White "Hack, Richard"]
[Black "McCarty Snead, Callaghan"]
[Result "1/2-1/2"]
[WhiteElo "1639"]
[BlackElo "826"]
[PlyCount "70"]
[EventDate "2012.10.16"]
[EventType "swiss"]
[EventRounds "9"]
[EventCountry "USA"]
[SourceTitle "EXT 2014"]
[Source "ChessBase"]
[SourceDate "2013.11.20"]
[SourceVersion "1"]
[SourceVersionDate "2013.11.20"]
[SourceQuality "1"]

1. e4 e6 2. d4 d5 3. Nc3 Nf6 4. e5 Nfd7 5. f4 c5 6. Nf3 Nc6 7. Be3 cxd4 8. Nxd4 Nxd4 9. Bxd4 Bb4 10. Be2 Qh4+ 11. g3 Qd8 12. a3 Ba5 13. 0-0 0-0 14. Nb5 a6 15. Nc3 Bb6 16. Rf3 Bxd4+ 17. Qxd4 Qb6 18. Qxb6 Nxb6 19. Rd1 Bd7 20. Rd4 Bc6 21. g4 Rfe8 22. b3 g6 23. h4 Kg7 24. Rh3 Rh8 25. h5 Rad8 26. Nd1 Nd7 27. h6+ Kf8 28. g5 Nb6 29. c4 Ke7 30. Rhd3 Rd7 31. c5 Nc8 32. Rc3 Kd8 33. Ne3 Ne7 34. Rcd3 Nf5 35. Nxf5 gxf5 1/2-1/2

[Event "San Francisco TNM Fall op"]
[Site "San Francisco"]
[Date "2012.12.04"]
[Round "8"]
[White "McCarty Snead, Callaghan"]
[Black "Donnelly, Patrick T"]
[Result "0-1"]
[WhiteElo "826"]
[BlackElo "1647"]
[PlyCount "80"]
[EventDate "2012.10.16"]
[EventType "swiss"]
[EventRounds "9"]
[EventCountry "USA"]
[SourceTitle "EXT 2014"]
[Source "ChessBase"]
[SourceDate "2013.11.20"]
[SourceVersion "1"]
[SourceVersionDate "2013.11.20"]
[SourceQuality "1"]

1. e4 e5 2. Nf3 Nc6 3. Bc4 Nf6 4. d3 Bc5 5. Bg5 d6 6. h3 Be6 7. Bb3 Qd7 8. Bxf6 gxf6 9. 0-0 Rg8 10. Kh2 0-0-0 11. Bxe6 fxe6 12. Nbd2 Qg7 13. Ne1 Ne7 14. Nb3 Bb6 15. a4 a6 16. Qe2 Ng6 17. g3 f5 18. Rg1 Nf4 19. Qf1 Ng6 20. Nf3 fxe4 21. dxe4 Rdf8 22. Nbd2 d5 23. exd5 exd5 24. Rg2 e4 25. Ne1 e3 26. Nb3 Rxf2 27. Rxf2 exf2 28. Ng2 Ne5 29. Nf4 Qxg3+ 30. Kh1 Qf3+ 31. Kh2 Qxf4+ 32. Kh1 Rg1+ 33. Qxg1 fxg1Q+ 34. Rxg1 Bxg1 35. Kxg1 Nf3+ 36. Kf2 Nd4+ 37. Kg2 Qf3+ 38. Kg1 Ne2+ 39. Kh2 Qg3+ 40. Kh1 Qg1# 0-1

[Event "San Francisco TNM Fall op"]
[Site "San Francisco"]
[Date "2012.11.20"]
[Round "6"]
[White "McCarty Snead, Callaghan"]
[Black "Hilliard, Michael"]
[Result "1-0"]
[WhiteElo "826"]
[BlackElo "1460"]
[PlyCount "83"]
[EventDate "2012.10.16"]
[EventType "swiss"]
[EventRounds "9"]
[EventCountry "USA"]
[SourceTitle "EXT 2014"]
[Source "ChessBase"]
[SourceDate "2013.11.20"]
[SourceVersion "1"]
[SourceVersionDate "2013.11.20"]
[SourceQuality "1"]

1. e4 c6 2. d4 d5 3. exd5 cxd5 4. Nf3 Bf5 5. Bf4 Nf6 6. Bxb8 Rxb8 7. Bb5+ Bd7 8. Bxd7+ Qxd7 9. 0-0 e6 10. Nc3 Bd6 11. Re1 0-0 12. Ne5 Qc7 13. Nb5 Qb6 14. Nxd6 Qxd6 15. c3 b5 16. Qb3 a5 17. Rad1 Rfc8 18. a3 b4 19. cxb4 axb4 20. a4 Qb6 21. Re3 Qa7 22. f3 Nd7 23. Nxd7 Qxd7 24. Ree1 Qa7 25. Qa2 Rc4 26. a5 Rxd4 27. Rxd4 Qxd4+ 28. Kh1 Qd2 29. Ra1 Rc8 30. Qb1 Rc2 31. Qg1 Rxb2 32. a6 Ra2 33. a7 Rxa7 34. Rxa7 g6 35. Qa1 d4 36. Rd7 Qc3 37. Qxc3 dxc3 38. Rc7 Kg7 39. Rc4 Kf6 40. Rxb4 c2 41. Rc4 c1Q+ 42. Rxc1 1-0

[Event "San Francisco TNM Fall op"]
[Site "San Francisco"]
[Date "2012.11.13"]
[Round "5"]
[White "Harris, Clarence"]
[Black "McCarty Snead, Callaghan"]
[Result "1/2-1/2"]
[WhiteElo "1323"]
[BlackElo "826"]
[PlyCount "82"]
[EventDate "2012.10.16"]
[EventType "swiss"]
[EventRounds "9"]
[EventCountry "USA"]
[SourceTitle "EXT 2014"]
[Source "ChessBase"]
[SourceDate "2013.11.20"]
[SourceVersion "1"]
[SourceVersionDate "2013.11.20"]
[SourceQuality "1"]

1. e4 e5 2. Nf3 Nc6 3. Bb5 a6 4. Bxc6 dxc6 5. 0-0 Bd6 6. d4 exd4 7. Qxd4 f6 8. Nbd2 Ne7 9. Nc4 Bg4 10. Be3 Bxf3 11. gxf3 0-0 12. Rad1 Be5 13. Nxe5 Qxd4 14. Bxd4 fxe5 15. Bxe5 Rxf3 16. Rd3 Rxd3 17. cxd3 Rd8 18. Rd1 Rd7 19. f3 c5 20. Kf2 c4 21. Ke3 cxd3 22. Rxd3 Rxd3+ 23. Kxd3 c6 24. Kc4 Kf7 25. Kc5 Nc8 26. b3 g6 27. a4 Ke6 28. Bg3 h5 29. h4 Kd7 30. a5 Ke6 31. Bf4 Kd7 32. Bh2 Ke6 33. f4 Kf6 34. b4 Ke6 35. Kd4 Na7 36. Kc5 Nc8 37. Bg1 Kf6 38. Bd4+ Ke6 39. Be5 Kd7 40. f5 gxf5 41. exf5 Ke7 1/2-1/2

[Event "San Francisco TNM Fall op"]
[Site "San Francisco"]
[Date "2012.10.30"]
[Round "3"]
[White "James, Charles"]
[Black "McCarty Snead, Callaghan"]
[Result "1-0"]
[WhiteElo "1497"]
[BlackElo "826"]
[PlyCount "77"]
[EventDate "2012.10.16"]
[EventType "swiss"]
[EventRounds "9"]
[EventCountry "USA"]
[SourceTitle "EXT 2014"]
[Source "ChessBase"]
[SourceDate "2013.11.20"]
[SourceVersion "1"]
[SourceVersionDate "2013.11.20"]
[SourceQuality "1"]

1. d4 d5 2. c4 c6 3. Nc3 Nf6 4. e3 Bf5 5. Qb3 Qb6 6. Qxb6 axb6 7. Nf3 e6 8. Nh4 Bb4 9. Nxf5 exf5 10. f3 Ra3 11. Bd2 Bxc3 12. Bxc3 Ra4 13. b3 Ra8 14. Bd3 dxc4 15. Bxc4 Nd5 16. Bd2 0-0 17. 0-0 Re8 18. Rfe1 Nd7 19. e4 fxe4 20. Rxe4 N7f6 21. Re5 Rxe5 22. dxe5 Nd7 23. f4 Re8 24. Re1 f6 25. e6 Nf8 26. f5 Ne7 27. a4 Kh8 28. g4 Rd8 29. Bf4 Rd4 30. Rf1 g6 31. h3 gxf5 32. g5 Re4 33. gxf6 Neg6 34. e7 Nxe7 35. fxe7 Rxe7 36. Bd6 Re8 37. Rxf5 Re1+ 38. Kf2 Rc1 39. Be5# 1-0